00233nam a2200097Ia 4500008004100000041000800041082001100049100001700060245003000077260002800107231212s1967 xx 000 0 und d aeng a491.43 aKazinik M.L. aFundamental Of Television aNew DelhibPeopelc1967